00365nam a2200133Ia 4500003000400000008004100004020002600045040000800071100002500079245006600104260003700170300001300207365001100220LDD181029s9999 xx 000 0 und d a9788175332294c895.00 cLDD aTiwary, Shiv Shanker 0aWorld religions and their beliefs systemcShiv Shanker Tiwary aNew DelhibMD Publicationsc2009 av, 323p. b895.00